| 000 | 00950nam a2200217 a 4500 | ||
|---|---|---|---|
| 999 |
_c5217 _d5217 |
||
| 005 | 20200104041557.0 | ||
| 008 | 140127q2003 ck a|||| |||| 00| 0 spa d | ||
| 040 |
_aCO-BoIAVH _cCO-BoIAVH |
||
| 041 | 0 | _aspa | |
| 044 | _ack | ||
| 090 |
_aFH- _b0001 |
||
| 245 | 0 | 0 |
_aSerpientes de la Orinoquia colombiana / _ctextos y fotografías Juan Manuel Renjifo |
| 260 |
_aBogotá (Colombia) : _bInstituto de Investigación de Recursos Biológicos Alexander von Humboldt, _c2003? |
||
| 300 |
_a1 folleto plegable ; _bilustraciones a color ; _c17 x 24 cm. |
||
| 490 | 0 |
_aSerie especies colombianas ; _v1 |
|
| 650 | 2 | 6 |
_aSerpientes _xidentificación _zOrinoquia (Región, Colombia) _vGuías |
| 650 | 2 | 6 |
_aSerpientes _xTaxonomía _zOrinoquia (Región, Colombia) _vGuías |
| 700 | 1 |
_aRenjifo, Juan Manuel _etextos _efotografías |
|
| 710 | 2 | _aInstituto de Investigación de Recursos Biológicos Alexander von Humboldt | |
| 942 |
_2z _cFolleto |
||